Szczegóły MARC21

Między retoryką a retorycznością /

003 -Nazwa inst., której nr kontr. jest w polu 001 [,]
    • @
    • Nazwa instytucji, której n kontrolny jest w polu 001
    • NUKAT
005 -DATA I CZAS OSTATNIEJ MODYFIKACJI [,]
    • @
    • pole kontrolne
    • 20241231104348.0
020 -Międzynarod. znormalizowany nr książki - ISBN [ , ]
    • a
    • Numer ISBN
    • 8324200614 Find
040 -Instytucja sporządzająca opis [ , ]
    • a
    • Instytucja, która sporządziła opis (NP)
    • WR U/hp
    • c
    • Instytucja, która sporządziła rekord (NP)
    • WR U/hp
    • d
    • Instytucja, która zmodyfikowała rekord (P)
    • WR U/dl
    • d
    • Instytucja, która zmodyfikowała rekord (P)
    • WA U/ASO
    • d
    • Instytucja, która zmodyfikowała rekord (P)
    • LUBL M/ASs
041 -Język dokumentu [0, ]
    • a
    • Język tekstu (P)
    • polski
    • b
    • Język streszczeń lub abstraktu (P)
    • angielski
942 -Rodzaj dokumentu [ , ]
    • c
    • Rodzaj dokumentu
    • Książka
100 -Hasło główne - nazwa osobowa [1, ]
    • a
    • Nazwa osobowa (NP)
    • Rusinek, Michał
    • d
    • Daty biograficzne (NP)
    • (1972- ).
    • 9
    • KHW
    • 250967
245 -Strefa tytułu i oznaczenia odpowiedzialności [1,0]
    • a
    • Tytuł
    • Między retoryką a retorycznością / Find
    • c
    • Pozostałe elementy strefy tytułu i oznaczenia odpowiedzialności (NP)
    • Michał Rusinek.
260 -Strefa adresu wydawniczego [ , ]
    • a
    • Miejsce wydania (P)
    • Kraków :
    • b
    • Nazwa wydawcy (P)
    • "Universitas",
    • c
    • Data wydania (P)
    • 2003.
300 -Strefa opisu fizycznego [ , ]
    • a
    • Określenie formy książki i/lub objętość (NP)
    • 290, [2] s., [1] k. tabl. ;
    • c
    • Format (NP)
    • 21 cm.
336 -Typ zawartości [ , ]
    • a
    • Termin opisujący typ zawartości
    • Tekst
    • b
    • Kod określający zawartość
    • txt
    • 2
    • Źródło (terminu i kodu)
    • rdacontent
337 -Typ mediów [ , ]
    • a
    • Tryb odtwarzania
    • Bez urządzenia pośredniczącego
    • b
    • Kod typu mediów
    • n
    • 2
    • Źródło (terminu i kodu)
    • rdamedia
338 -Typ/rodzaj nośnika [ , ]
    • a
    • Hasło opisujące typ nośnika
    • Wolumin
    • b
    • Kod typu nośnika
    • nc
    • 2
    • Źródło (terminu i kodu)
    • rdacarrier
490 -Strefa serii i książki wielotomowej - forma nie do wyszukiwania [1, ]
    • a
    • Tytuł (P)
    • Horyzonty Nowoczesności ; Find
    • v
    • Numeracja (P)
    • 28
830 -Hasło dodatkowe serii i opisu książki wielotomowej - tytuł ujednolicony/tytuł [ ,0]
    • a
    • Tytuł ujednolicony/tytuł (NP)
    • Horyzonty Nowoczesności
    • v
    • Oznaczenie tomu (NP)
    • t. 28
    • 9
    • KHW
    • 18918
504 -Uwaga dot. bibliogr. załącznikowej [ , ]
    • a
    • Uwaga dot. bibliografii załącznikowej
    • Bibliogr. s. [271]-277.
504 -Uwaga dot. bibliogr. załącznikowej [ , ]
    • a
    • Uwaga dot. bibliografii załącznikowej
    • Indeks.
546 -Uwaga dot. języka [ , ]
    • a
    • Uwaga dot. języka
    • Streszcz. ang.
650 -Hasło przedmiotowe [ ,7]
    • a
    • Hasło przedmiotowe
    • Retoryka
    • x
    • Określnik rzeczowy
    • filozofia.
    • 2
    • Źródło terminu
    • kaba
    • 9
    • KHW
    • 127863
710 -Hasło dodatkowe - nazwa ciała zbiorowego [2, ]
    • a
    • Nazwa ciała zbiorowego lub nazwa geograficzna jako pierwszy element (NP)
    • Towarzystwo Autorów i Wydawców Prac Naukowych "Universitas".
    • 4
    • Kod relacji
    • pbl
    • 9
    • KHW
    • 56074
920 -ISBN [ , ]
    • a
    • ISBN
    • 83-242-0061-4 Find
Sygnatura Data inwentaryzacji Lokalizacja Status udost. Numer inwentarzowy
 2018-10-18BM1Q.16
POL.Horyzonty Nowoczesności t.282004-06-30BM1P.19196